Normal view
MARC view
- Muhammad Tayyab Waheed (00000117884)
Entry Personal Name
001 - CONTROL NUMBER
- control field: 116457
003 - CONTROL NUMBER IDENTIFIER
- control field: NUST
005 - DATE AND TIME OF LATEST TRANSACTION
- control field: 20230912165949.0
008 - FIXED-LENGTH DATA ELEMENTS
- fixed length control field: 230912|| aca||aabn | a|a d
040 ## - CATALOGING SOURCE
- Original cataloging agency: NUST
- Transcribing agency: NUST
100 ## - HEADING--PERSONAL NAME
- Personal name: Muhammad Tayyab Waheed (00000117884)
670 ## - SOURCE DATA FOUND
- Source citation: Work cat.: (NUST): Muhammad Tayyab Waheed (00000117884), Integrated Urban Energy Planning in Twin Cities of Islamabad and Rawalpindi /, 2019
